000 005610000a22001930004500
001 17772
010 _a972-21-0736-4
090 _a17772
100 _a20041013d1992 k y0pory5003 ba
101 0 _apor
102 _aPT
200 1 _aAutópsia de um desatino
_fHenrique Nicolau
210 _aLisboa
_cCaminho
_d1992
215 _a148, [11] p
225 2 _aCaminho de bolso
_iPolicial
_v146
675 _a821.134.3-312.4
_vBN
_zpor
700 1 _aNicolau
_bHenrique
942 _cMON
_n0
999 _a17772
_bBibliobase - BMTAV
_c2019-01-21